000
00297nam a2200133Ia 4500
100
_a
Jones Franklin
942
_c
BK
654
_a
Die making
245
_a
Die Design & Die Making Practice
260
_b
Industrial Press
_a
NEWYORK
_c
1951
082
_a
621.9
300
_a
1014
546
_a
ENGLISH
999
_c
21512
_d
21512